[Event "XXI Festival A"]
[Site "Campobasso ITA"]
[Date "2014.07.19"]
[Round "4"]
[White "Carnicelli, Valerio"]
[Black "Colucci, Stefano"]
[WhiteElo "2137"]
[BlackElo "1898"]
[Result "1-0"]
[PlyCount "85"]
[EventDate "2014.07.18"]

1. e4 e6 2. d4 d5 3. Nc3 Nf6 4. Bg5 Be7 5. e5 Nfd7 6. h4 c5 7. Bxe7 Kxe7 8. f4
a6 9. Nf3 Nc6 10. dxc5 Nxc5 11. Bd3 Nxd3+ 12. cxd3 Bd7 13. Qd2 Qa5 14. d4 Rac8
15. h5 h6 16. O-O Na7 17. f5 Qb6 18. f6+ gxf6 19. exf6+ Kd8 20. Ne5 Be8 21. Qf4
Nc6 22. Nxc6+ Rxc6 23. Rfe1 Rc4 24. Rad1 Rg8 25. Rd2 Rg5 26. Re5 Qc7 27. Qe3
Rxe5 28. dxe5 Kc8 29. Rd4 Qc5 30. Rxc4 Qxc4 31. b3 Qb4 32. Nb1 d4 33. Qc1+ Bc6
34. Nd2 Kb8 35. Nc4 Qc5 36. Qa3 Qd5 37. Qd6+ Ka7 38. Qxd5 Bxd5 39. Nd6 Bc6 40.
Nxf7 Be8 41. Nxh6 Bxh5 42. g4 Bg6 43. f7 1-0

[Event "XXI Festival A"]
[Site "Campobasso ITA"]
[Date "2014.07.20"]
[Round "4"]
[White "Laketic, Gojko"]
[Black "Ferretti, Folco"]
[WhiteElo "2417"]
[BlackElo "2275"]
[Result "1-0"]
[PlyCount "90"]
[EventDate "2014.07.18"]

1. d4 Nf6 2. c4 e6 3. g3 c5 4. d5 exd5 5. cxd5 b5 6. Bg2 d6 7. e4 g6 8. Nd2 Bg7
9. Ngf3 O-O 10. O-O Nbd7 11. a4 b4 12. Re1 Ba6 13. Bf1 Bxf1 14. Kxf1 Ng4 15.
Qe2 f5 16. exf5 Rxf5 17. Qe6+ Kh8 18. h3 Nge5 19. Nxe5 Nxe5 20. Ne4 Qf8 21. Re2
Nd3 22. Qxd6 Qxd6 23. Nxd6 Rxd5 24. Nc4 Ne5 25. Nxe5 Bxe5 26. Bh6 Kg8 27. Rc1
Bd4 28. Be3 Re8 29. Rc4 Kf7 30. Rd2 Red8 31. Bxd4 Rxd4 32. Rdxd4 Rxd4 33. Rxd4
cxd4 34. Ke2 Ke6 35. Kd3 Kd5 36. f4 b3 37. g4 Kc5 38. Ke4 Kc4 39. f5 gxf5+ 40.
gxf5 d3 41. Ke3 Kd5 42. Kxd3 Ke5 43. Kc3 Kxf5 44. Kxb3 h5 45. Kc4 h4 1-0

[Event "XXI Festival A"]
[Site "Campobasso ITA"]
[Date "2014.07.19"]
[Round "4"]
[White "Lazic, Miroljub"]
[Black "Coratella, Giuseppe"]
[WhiteElo "2466"]
[BlackElo "2221"]
[Result "1-0"]
[PlyCount "95"]
[EventDate "2014.07.18"]

1. g3 g6 2. Bg2 Bg7 3. e4 c5 4. Nc3 Nc6 5. d3 e6 6. Be3 Nd4 7. Qd2 a6 8. f4 d6
9. Nd1 Ne7 10. c3 Ndc6 11. Nf3 O-O 12. O-O b6 13. Bf2 e5 14. Be3 exf4 15. Bxf4
d5 16. Nf2 Ra7 17. exd5 Nxd5 18. Bh6 Re7 19. Rfe1 Rfe8 20. Rxe7 Rxe7 21. Re1
Rxe1+ 22. Nxe1 Bh8 23. Qe2 Qe7 24. Kf1 Be6 25. Nf3 f6 26. Bd2 Bg7 27. a3 Qd7
28. Ne4 a5 29. c4 Nde7 30. Bc3 Nd4 31. Nxd4 cxd4 32. Bd2 Bh3 33. b4 axb4 34.
axb4 Bxg2+ 35. Kxg2 Nc6 36. b5 Ne5 37. Bf4 Nf7 38. g4 f5 39. gxf5 Qxf5 40. Bg3
Be5 41. Qf3 Qe6 42. Nf2 Bxg3 43. hxg3 Ne5 44. Qe4 Qf5 45. Qf4 Qe6 46. Qe4 Qd6
47. Kf1 Kg7 48. Ke2 $138 1-0

[Event "XXI Festival A"]
[Site "Campobasso ITA"]
[Date "2014.07.19"]
[Round "4"]
[White "Ljubisavljevic, Zivojin Z."]
[Black "Petruccioli, Antonio"]
[WhiteElo "2132"]
[BlackElo "2011"]
[Result "1/2-1/2"]
[PlyCount "74"]
[EventDate "2014.07.18"]

1. c4 e5 2. Nc3 Nf6 3. g3 d6 4. Bg2 c6 5. d4 Qc7 6. e4 Be7 7. Nge2 O-O 8. O-O
Nbd7 9. h3 a5 10. f4 exd4 11. Nxd4 Re8 12. Kh2 Bf8 13. b3 Nc5 14. Qc2 g6 15.
Ba3 Ne6 16. Nxe6 Bxe6 17. f5 gxf5 18. exf5 Bd7 19. Rad1 Rad8 20. Qd2 Bc8 21.
Qg5+ Bg7 22. Bb2 h6 23. Qh4 d5 24. Nxd5 Nxd5 25. Bxg7 Kxg7 26. f6+ Nxf6 27.
Qxf6+ Kg8 28. Rxd8 Rxd8 29. Qxh6 Qe5 30. Re1 Qf5 31. Re4 Qg6 32. Qf4 Be6 33.
Re5 Qd3 34. Rg5+ Kf8 35. Rxa5 Qd2 36. Ra8 Kg7 37. Rxd8 Qxd8 1/2-1/2

[Event "XXI Festival A"]
[Site "Campobasso ITA"]
[Date "2014.07.19"]
[Round "4"]
[White "Mrdja, Milan"]
[Black "Santeramo, Alessia Carmen"]
[WhiteElo "2376"]
[BlackElo "1948"]
[Result "1-0"]
[PlyCount "95"]
[EventDate "2014.07.18"]

1. e4 c5 2. Nf3 e6 3. d4 cxd4 4. Nxd4 a6 5. Bd3 Nf6 6. Qe2 Qc7 7. O-O d6 8. Kh1
Nbd7 9. c3 Be7 10. f4 b5 11. Nd2 Bb7 12. N4b3 O-O 13. a4 bxa4 14. Rxa4 a5 15.
Nc4 Nb6 16. Nxb6 Qxb6 17. Nd4 Nd7 18. b4 Rfc8 19. Bd2 axb4 20. Rxb4 Qc7 21.
Rfb1 Nc5 22. Be1 Rcb8 23. Bc2 Bf8 24. h3 e5 25. Nb5 Qc6 26. Bg3 Ba6 27. c4 Re8
28. f5 Rec8 29. Bf2 h6 30. Kh2 Kh7 31. Nc3 Nd7 32. Ba4 Qc7 33. Nd5 Qd8 34. Bxd7
Qxd7 35. Nb6 Qc6 36. Nxa8 Qxa8 37. Qa2 d5 38. Ra4 dxc4 39. Rxa6 Qxe4 40. Bg3 c3
41. Rc1 c2 42. Qxf7 Qe3 43. Qg6+ Kh8 44. Raa1 Ba3 45. f6 gxf6 46. Qxf6+ Kh7 47.
Qf5+ Kg7 48. Bxe5+ 1-0

[Event "XXI Festival A"]
[Site "Campobasso ITA"]
[Date "2014.07.19"]
[Round "4"]
[White "Rossi, Aldo A."]
[Black "Delfino, Luigi"]
[WhiteElo "2262"]
[BlackElo "2227"]
[Result "1/2-1/2"]
[PlyCount "103"]
[EventDate "2014.07.18"]

1. d4 Nf6 2. Nf3 c5 3. d5 g6 4. Nc3 Bg7 5. e4 d6 6. Bb5+ Nbd7 7. a4 O-O 8. O-O
Ne8 9. Bf4 a6 10. Be2 Qa5 11. Qd3 Qb4 12. Bd2 Qb6 13. a5 Qd8 14. Nd1 Ne5 15.
Nxe5 Bxe5 16. f4 Bg7 17. Bc3 e6 18. Bxg7 Kxg7 19. Ne3 f5 20. exf5 exf5 21. b4
cxb4 22. Qd4+ Nf6 23. Rfb1 Re8 24. Bf3 Qc7 25. Rxb4 Bd7 26. Rab1 Re7 27. Rb6
Rae8 28. Nc4 Re4 29. Bxe4 Rxe4 30. Rxb7 Qxb7 31. Qxf6+ Kxf6 32. Rxb7 Rxc4 33.
Rxd7 Rxf4 34. Rxd6+ Ke5 35. Rxa6 Kxd5 36. Ra7 Rc4 37. Rxh7 Rxc2 38. a6 Ra2 39.
a7 Ke5 40. Re7+ Kf6 41. Rb7 f4 42. Kf1 g5 43. Ke1 g4 44. h3 f3 45. gxf3 gxh3
46. Rh7 h2 47. Rxh2 Rxa7 48. Re2 Ra6 49. Kf2 Kf7 50. Re4 Rb6 51. Kg3 Ra6 52.
Kg4 1/2-1/2

[Event "XXI Festival A"]
[Site "Campobasso ITA"]
[Date "2014.07.20"]
[Round "5"]
[White "Coratella, Giuseppe"]
[Black "Rossi, Aldo A."]
[WhiteElo "2221"]
[BlackElo "2262"]
[Result "0-1"]
[PlyCount "88"]
[EventDate "2014.07.18"]

1. e4 c5 2. Nf3 Nc6 3. d4 cxd4 4. Nxd4 Nf6 5. Nc3 e5 6. Ndb5 d6 7. Bg5 a6 8.
Na3 b5 9. Bxf6 gxf6 10. Nd5 f5 11. exf5 Bxf5 12. c3 Bg7 13. Nc2 O-O 14. Nce3
Be6 15. g3 f5 16. Bg2 f4 17. Nc2 Bf5 18. Ncb4 Nxb4 19. Nxb4 e4 20. gxf4 Qh4 21.
Nd5 Rae8 22. Qd2 e3 23. Nxe3 Qxf4 24. Bc6 Re5 25. Rg1 Bg6 26. Rg3 Bh5 27. Kf1
Kh8 28. Kg1 Rg5 29. Nf1 Qxd2 30. Nxd2 Rgf5 31. Rg2 b4 32. Nb3 bxc3 33. bxc3
Bxc3 34. Rc1 Be5 35. Bb7 a5 36. Nxa5 Bf4 37. Rc7 Rxa5 38. Be4 Bf7 39. Rg4 Rg5
40. Rxg5 Bxg5 41. a4 d5 42. Bf5 Bg8 43. Bd7 Rf7 44. Rb7 Bd2 0-1

[Event "XXI Festival A"]
[Site "Campobasso ITA"]
[Date "2014.07.20"]
[Round "5"]
[White "Delfino, Luigi"]
[Black "Carnicelli, Valerio"]
[WhiteElo "2227"]
[BlackElo "2137"]
[Result "1-0"]
[PlyCount "105"]
[EventDate "2014.07.18"]

1. e4 e5 2. Nf3 Nc6 3. Bc4 Bc5 4. c3 Qe7 5. O-O d6 6. a4 a5 7. d4 Ba7 8. h3 Nf6
9. Re1 h6 10. Na3 g5 11. Bb5 Bd7 12. Nc4 g4 13. hxg4 Nxg4 14. Ne3 Nxe3 15. Bxe3
Qf6 16. dxe5 Nxe5 17. Nxe5 Qxe5 18. Bxd7+ Kxd7 19. Qb3 Qe6 20. Qb5+ Kc8 21.
Qxa5 Rg8 22. Bxa7 Rg5 23. e5 Qh3 24. Qd5 c6 25. Re3 Qxe3 26. Bxe3 cxd5 27. Bxg5
hxg5 28. exd6 Kd7 29. Kf1 Kxd6 30. Ke2 Rh8 31. b4 Kc6 32. Ra2 Rh1 33. Ke3 Re1+
34. Kd4 Re4+ 35. Kd3 Re1 36. g3 Rd1+ 37. Rd2 Ra1 38. a5 Rc1 39. Kd4 Re1 40. f3
f6 41. g4 Rf1 42. Rd3 Rc1 43. Rd2 Rf1 44. Ke3 Rc1 45. Kd3 Rf1 46. Ke2 Rc1 47.
Rd3 Rc2+ 48. Ke3 Rc1 49. Kd2 Ra1 50. Re3 Kb5 51. Re7 Kc4 52. Rc7+ Kb3 53. Rxb7
1-0

[Event "XXI Festival A"]
[Site "Campobasso ITA"]
[Date "2014.07.20"]
[Round "5"]
[White "Di Benedetto, Edoardo"]
[Black "Ljubisavljevic, Zivojin Z."]
[WhiteElo "2024"]
[BlackElo "2132"]
[Result "0-1"]
[PlyCount "70"]
[EventDate "2014.07.18"]

1. e4 e6 2. d4 d5 3. Nc3 Bb4 4. Nge2 dxe4 5. a3 Be7 6. Nxe4 Nf6 7. N2g3 Nxe4 8.
Nxe4 f5 9. Ng3 O-O 10. Bc4 c5 11. dxc5 Qxd1+ 12. Kxd1 Bxc5 13. Ke2 Nc6 14. c3
Kh8 15. Ba2 b6 16. b4 Ba6+ 17. c4 Bd4 18. Rb1 Ne5 19. f4 Ng6 20. Re1 e5 21.
fxe5 Bxe5 22. Kf1 Rac8 23. Bb2 Bxb2 24. Rxb2 Bxc4+ 25. Bxc4 Rxc4 26. Rf2 f4 27.
Ne4 h6 28. Rf3 Ne5 29. Rb3 f3 30. Nd2 f2 31. Rxe5 Rc1+ 32. Ke2 Re1+ 33. Kd3
Rxe5 34. Rb1 Rd5+ 35. Ke2 Rxd2+ 0-1

[Event "XXI Festival A"]
[Site "Campobasso ITA"]
[Date "2014.07.20"]
[Round "5"]
[White "Ferretti, Folco"]
[Black "Ambrosone, Antonio"]
[WhiteElo "2275"]
[BlackElo "1966"]
[Result "0-1"]
[PlyCount "154"]
[EventDate "2014.07.18"]

1. e4 Nf6 2. e5 Nd5 3. d4 d6 4. c4 Nb6 5. exd6 exd6 6. Nc3 Nc6 7. Be3 Be7 8.
Bd3 Bf6 9. Nge2 Bg4 10. f3 Bh5 11. O-O O-O 12. b3 Re8 13. Bf2 Bg6 14. Rc1 Ne7
15. Ne4 Nf5 16. Nxf6+ Qxf6 17. Qd2 Nh4 18. Bxg6 Nxg6 19. d5 Nd7 20. Rce1 Nde5
21. Bd4 Qf5 22. Ng3 Qd3 23. Qb2 Nf4 24. Re3 Qg6 25. Bxe5 Rxe5 26. Rxe5 Nd3 27.
Qe2 Nxe5 28. f4 Ng4 29. Re1 h6 30. Qd2 Kf8 31. h3 Nf6 32. Kh2 Re8 33. Rxe8+
Nxe8 34. Qd4 b6 35. Ne4 Ke7 36. g4 f5 37. Ng3 fxg4 38. Qe3+ Kd8 39. hxg4 Qxg4
40. a4 a5 41. Ne4 Qh4+ 42. Kg2 Nf6 43. Ng3 Qg4 44. Kf2 Qh3 45. Qe6 Qxe6 46.
dxe6 Ke7 47. f5 g6 48. Ke3 gxf5 49. Nxf5+ Kxe6 50. Nxh6 Nd7 51. Kd3 d5 52.
cxd5+ Kxd5 53. Nf5 Nc5+ 54. Kc3 Ne4+ 55. Kd3 Nd6 56. Nd4 c6 57. Nc2 Kc5 58. Kc3
Ne4+ 59. Kd3 Nf6 60. Nd4 Nd5 61. Nf5 Kb4 62. Kc2 c5 63. Nd6 Ne3+ 64. Kd3 Kxb3
65. Kxe3 Kxa4 66. Kd3 Kb4 67. Nc4 b5 68. Nd6 a4 69. Kc2 a3 70. Ne4 c4 71. Nd2
Kc5 72. Nf3 b4 73. Ne5 b3+ 74. Kb1 Kd4 75. Nf3+ Kc3 76. Ne1 a2+ 77. Ka1 Kd2 0-1

[Event "XXI Festival A"]
[Site "Campobasso ITA"]
[Date "2014.07.20"]
[Round "5"]
[White "Lazic, Miroljub"]
[Black "Mrdja, Milan"]
[WhiteElo "2466"]
[BlackElo "2376"]
[Result "1/2-1/2"]
[PlyCount "43"]
[EventDate "2014.07.18"]

1. c4 e6 2. g3 d5 3. Nf3 Nf6 4. Bg2 Be7 5. O-O O-O 6. b3 c6 7. d3 b5 8. Nbd2
Nbd7 9. Bb2 bxc4 10. bxc4 Ba6 11. Qc2 Qa5 12. Rfb1 Rfc8 13. Bc3 Qc7 14. Bb2 c5
15. Ba3 Nb6 16. Bb2 d4 17. Ba3 Bb7 18. Nb3 Rab8 19. Na5 Ba8 20. Rb5 Nbd5 21.
Rxb8 Rxb8 22. Nb3 1/2-1/2

[Event "XXI Festival A"]
[Site "Campobasso ITA"]
[Date "2014.07.20"]
[Round "5"]
[White "Petruccioli, Antonio"]
[Black "Grasso, Nino"]
[WhiteElo "2011"]
[BlackElo "2049"]
[Result "1-0"]
[PlyCount "89"]
[EventDate "2014.07.18"]

1. e4 e5 2. Nc3 Nf6 3. Nf3 Nc6 4. Bc4 Nxe4 5. Bxf7+ Kxf7 6. Nxe4 d5 7. Neg5+
Kg8 8. d4 h6 9. Nh3 Bg4 10. dxe5 Nxe5 11. Nf4 c6 12. h3 Nxf3+ 13. gxf3 Bf5 14.
Be3 Qa5+ 15. c3 Re8 16. Rg1 Kh7 17. Qd4 Qc7 18. O-O-O Bd6 19. Nh5 Be5 20. Qd2
Re7 21. f4 Bf6 22. Bd4 Bxd4 23. Qxd4 Bg6 24. Rxg6 Kxg6 25. Rg1+ Kf5 26. Nxg7+
Rxg7 27. Rxg7 Qxf4+ 28. Qxf4+ Kxf4 29. Rxb7 Rf8 30. Rxa7 Kf3 31. Rc7 Rf6 32. a4
Kxf2 33. a5 Kg3 34. b4 Kxh3 35. a6 h5 36. a7 Rf1+ 37. Kb2 Rf8 38. Rxc6 Ra8 39.
Rc7 h4 40. Rg7 Kh2 41. b5 d4 42. cxd4 h3 43. b6 Rf8 44. b7 Ra8 45. b8=Q+ 1-0

[Event "XXI Festival A"]
[Site "Campobasso ITA"]
[Date "2014.07.20"]
[Round "5"]
[White "Santeramo, Alessia Carmen"]
[Black "Esposito, Luca"]
[WhiteElo "1948"]
[BlackElo "2217"]
[Result "1/2-1/2"]
[PlyCount "110"]
[EventDate "2014.07.18"]

1. e4 d6 2. d4 Nf6 3. Nc3 g6 4. Be3 c6 5. f3 b5 6. Qd2 Nbd7 7. Bd3 Qc7 8. g4
Nb6 9. O-O-O a6 10. Qf2 Bg7 11. h4 h5 12. gxh5 Nxh5 13. Kb1 b4 14. Nce2 Bb7 15.
Nh3 Rc8 16. e5 Nd5 17. e6 fxe6 18. Bxg6+ Kd7 19. Ng5 Rcf8 20. Nf7 Rxf7 21. Bxf7
Qd8 22. Bxh5 Rxh5 23. Nf4 Nxf4 24. Bxf4 Qa5 25. Rhg1 Bf6 26. Bg5 Bxg5 27. hxg5
Rxg5 28. Rxg5 Qxg5 29. d5 c5 30. f4 Qf5 31. dxe6+ Kxe6 32. Re1+ Kd7 33. Qe3 e6
34. Rg1 Be4 35. Qe2 Qxf4 36. Qxa6 Bxc2+ 37. Ka1 e5 38. Rf1 Qe4 39. Qa7+ Kc6 40.
Qa8+ Kb5 41. Qb8+ Kc6 42. Qa8+ Kb5 43. Qb8+ Kc6 44. Rd1 Bd3 45. Qa8+ Kc7 46.
Qa5+ Kc6 47. Qa4+ Kb6 48. Qd7 Qd4 49. Qd8+ Kc6 50. Qa8+ Kb6 51. Qb8+ Kc6 52.
Qa8+ Kb6 53. Qb8+ Kc6 54. Qe8+ Kb6 55. Qb8+ Kc6 1/2-1/2

[Event "XXI Festival A"]
[Site "Campobasso ITA"]
[Date "2014.07.20"]
[Round "5"]
[White "Vuelban, Virgilio"]
[Black "Laketic, Gojko"]
[WhiteElo "2313"]
[BlackElo "2417"]
[Result "0-1"]
[PlyCount "63"]
[EventDate "2014.07.18"]

1. e4 c6 2. d4 d5 3. e5 Bf5 4. Be3 e6 5. Nf3 Ne7 6. Nbd2 Bg6 7. Nb3 Nd7 8. Be2
Nf5 9. Bd2 Be7 10. O-O a6 11. g4 Nh4 12. Nxh4 Bxh4 13. f4 f6 14. c4 O-O 15.
cxd5 cxd5 16. Bb4 Re8 17. Qd2 Rc8 18. Rac1 Rxc1 19. Rxc1 fxe5 20. dxe5 Nxe5 21.
fxe5 Bg5 22. Qd4 Bxc1 23. Nxc1 h5 24. Nd3 hxg4 25. Qxg4 Bf5 26. Qf4 Qb6+ 27.
Bc5 Qa5 28. Be3 Rc8 29. Qb4 Qd8 30. Qd6 Qa5 31. Kf2 Rc2 32. Nc1 $138 0-1

[Event "XXI Festival A"]
[Site "Campobasso ITA"]
[Date "2014.07.20"]
[Round "6"]
[White "Ambrosone, Antonio"]
[Black "Carnicelli, Valerio"]
[WhiteElo "1966"]
[BlackElo "2137"]
[Result "1/2-1/2"]
[PlyCount "116"]
[EventDate "2014.07.18"]

1. e4 e5 2. Bc4 Nc6 3. Nf3 Bc5 4. b4 Bxb4 5. c3 Ba5 6. d4 d6 7. dxe5 dxe5 8.
Qb3 Qf6 9. Bg5 Qg6 10. O-O Bb6 11. Nbd2 Bd7 12. Bh4 Na5 13. Qa3 Qd6 14. Qb2 f6
15. Rad1 Qe7 16. Bd5 O-O-O 17. Nb3 Nxb3 18. Bxb3 g5 19. Bg3 h5 20. h4 g4 21.
Nd2 Nh6 22. Nc4 Bc6 23. Qc2 Nf7 24. Ba4 Bxa4 25. Qxa4 Kb8 26. Qb3 Qe6 27. Nxb6
Qxb3 28. axb3 axb6 29. f3 gxf3 30. gxf3 Rhg8 31. Kf2 Nd6 32. c4 Kc8 33. Bh2 Kd7
34. Rg1 Ke6 35. Ke3 Ra8 36. Rxg8 Rxg8 37. Rg1 Rxg1 38. Bxg1 c5 39. Kd3 Nc8 40.
Be3 Ne7 41. b4 Kd6 42. b5 Ng6 43. Bf2 Nf4+ 44. Ke3 Ng2+ 45. Kd3 Ke6 46. Ke2
Nf4+ 47. Ke3 f5 48. Bg3 Ng6 49. Bf2 Nh8 50. Kd3 Nf7 51. Be3 Kf6 52. Bd2 Kg6 53.
Bc3 Kf6 54. Bd2 Nd6 55. Bg5+ Ke6 56. Bd8 Nc8 57. Ke3 f4+ 58. Kd3 Kd7 1/2-1/2

[Event "XXI Festival A"]
[Site "Campobasso ITA"]
[Date "2014.07.20"]
[Round "6"]
[White "Colucci, Stefano"]
[Black "Coratella, Giuseppe"]
[WhiteElo "1898"]
[BlackElo "2221"]
[Result "0-1"]
[PlyCount "54"]
[EventDate "2014.07.18"]

1. e4 e6 2. d4 d5 3. e5 c5 4. c3 Nc6 5. Nf3 Qb6 6. a3 Bd7 7. b4 cxd4 8. cxd4
Rc8 9. Be3 Nh6 10. Nbd2 Nf5 11. Nb3 Nce7 12. Rc1 Bb5 13. Rxc8+ Nxc8 14. Qc2
Nfe7 15. Bg5 Nc6 16. Bd3 h6 17. Bh4 Qa6 18. Bxb5 Qxb5 19. Qe2 Qa4 20. Qb2 Nb6
21. Nc5 Qb5 22. Qe2 Nc4 23. Qa2 b6 24. Nb3 Nxa3 25. Qe2 Bxb4+ 26. Kf1 Bc3 27.
Qxb5 Nxb5 0-1

[Event "XXI Festival A"]
[Site "Campobasso ITA"]
[Date "2014.07.20"]
[Round "6"]
[White "Esposito, Luca"]
[Black "Petruccioli, Antonio"]
[WhiteElo "2217"]
[BlackElo "2011"]
[Result "1/2-1/2"]
[PlyCount "120"]
[EventDate "2014.07.18"]

1. d4 d5 2. c4 c6 3. Nc3 e6 4. e3 g5 5. e4 dxc4 6. Bxc4 b5 7. Bb3 a5 8. Nf3 a4
9. Bc2 g4 10. Ne5 h5 11. h3 Bg7 12. hxg4 Bxe5 13. dxe5 Qxd1+ 14. Bxd1 h4 15.
Rh3 Nd7 16. g3 Ne7 17. gxh4 Ng6 18. h5 Ngxe5 19. f4 Nc4 20. e5 Bb7 21. Ne4 c5
22. Nc3 Bc6 23. Bf3 Bxf3 24. Rxf3 b4 25. Ne4 Ke7 26. Rb1 Ra5 27. Bd2 Rb5 28.
Ke2 f5 29. exf6+ Nxf6 30. Nxf6 Kxf6 31. Be1 Kf7 32. Rd3 Rb7 33. Bf2 Rc8 34. b3
axb3 35. axb3 Na3 36. Rc1 c4 37. bxc4 Rxc4 38. Rxc4 Nxc4 39. Rb3 Na5 40. Rb1 b3
41. Bd4 Nc6 42. Bc3 Ne7 43. Kf3 Nd5 44. Be5 Ne7 45. Rb2 Rb5 46. g5 Nf5 47. Rd2
Rd5 48. g6+ Ke7 49. Rh2 Nh6 50. Bg7 Nf5 51. h6 Nxg7 52. hxg7 Rd8 53. Rh8 b2 54.
Rxd8 b1=Q 55. g8=Q Qf1+ 56. Ke3 Qe1+ 57. Kf3 Qf1+ 58. Kg3 Qg1+ 59. Kh4 Qh2+ 60.
Kg5 Qg3+ 1/2-1/2

[Event "XXI Festival A"]
[Site "Campobasso ITA"]
[Date "2014.07.20"]
[Round "6"]
[White "Grasso, Nino"]
[Black "Di Benedetto, Edoardo"]
[WhiteElo "2049"]
[BlackElo "2024"]
[Result "0-1"]
[PlyCount "116"]
[EventDate "2014.07.18"]

1. e4 e6 2. d4 d5 3. Nc3 Nf6 4. Bg5 Be7 5. e5 Nfd7 6. h4 a6 7. Qg4 Bxg5 8. hxg5
c5 9. g6 f5 10. exf6 Nxf6 11. Qd1 cxd4 12. Qxd4 Nc6 13. Qc5 h6 14. Nf3 Qe7 15.
Qxe7+ Kxe7 16. O-O-O Ng4 17. Rh4 Nge5 18. Nxe5 Nxe5 19. Bd3 Rf8 20. f4 Nxd3+
21. Rxd3 Rf6 22. Re3 Kd6 23. Rg3 Bd7 24. Ne2 Raf8 25. Kd2 Bb5 26. Rb3 Rxg6 27.
g3 Rf7 28. Nd4 Bc6 29. Re3 Rgf6 30. Rh5 Rg6 31. Rhe5 Bd7 32. Rb3 b5 33. Ra3 Bc8
34. Rc3 Rc7 35. Rce3 Rc4 36. c3 b4 37. Kc2 Bd7 38. Kb3 Ba4+ 39. Kxa4 bxc3+ 40.
b4 Rxd4 41. Rxc3 Rc4 42. Rce3 Rc2 43. Ra3 Kc7 44. Ka5 Kb7 45. f5 exf5 46. Rxd5
Rf6 47. Rd7+ Rc7 48. Rad3 g5 49. R7d6 Rcf7 50. Rd7+ Rxd7 51. Rxd7+ Kb8 52. a4
f4 53. gxf4 gxf4 54. b5 axb5 55. axb5 f3 56. b6 f2 57. Rd8+ Kb7 58. Rd7+ Kc8
0-1

[Event "XXI Festival A"]
[Site "Campobasso ITA"]
[Date "2014.07.20"]
[Round "6"]
[White "Laketic, Gojko"]
[Black "Lazic, Miroljub"]
[WhiteElo "2417"]
[BlackElo "2466"]
[Result "0-1"]
[PlyCount "95"]
[EventDate "2014.07.18"]

1. c4 e6 2. Nf3 d5 3. e3 Nf6 4. Nc3 c6 5. d4 Nbd7 6. b3 Bb4 7. Bd2 Bd6 8. Qc2
O-O 9. cxd5 exd5 10. Bd3 Re8 11. O-O Qe7 12. Rfd1 Ne4 13. Be1 f5 14. Nd2 Ndf6
15. Nf1 Nxc3 16. Bxc3 g6 17. Be1 Bd7 18. b4 b5 19. Rab1 Kg7 20. f3 f4 21. exf4
Bxf4 22. Bh4 Bd6 23. Qd2 Qf8 24. Bg3 Bxg3 25. hxg3 Qd6 26. Re1 Rxe1 27. Rxe1 a5
28. a3 axb4 29. axb4 Ra4 30. Rb1 Ne8 31. Qc3 Nc7 32. Bc2 Ra2 33. g4 Qf4 34. g3
Qf6 35. Nd2 Ne6 36. Nb3 Ng5 37. Nd2 h5 38. gxh5 gxh5 39. f4 Nh3+ 40. Kg2 h4 41.
Bb3 Nxf4+ 42. gxf4 Rxd2+ 43. Qxd2 Qg6+ 44. Kh2 Qxb1 45. Bc2 Qf1 46. Qe3 Kf7 47.
Bd3 Qd1 48. Be2 0-1

[Event "XXI Festival A"]
[Site "Campobasso ITA"]
[Date "2014.07.20"]
[Round "6"]
[White "Ljubisavljevic, Zivojin Z."]
[Black "Delfino, Luigi"]
[WhiteElo "2132"]
[BlackElo "2227"]
[Result "0-1"]
[PlyCount "40"]
[EventDate "2014.07.18"]

1. d4 Nf6 2. Bg5 d5 3. Nd2 Nbd7 4. e3 e6 5. Ngf3 c6 6. c4 Be7 7. Be2 O-O 8. O-O
c5 9. dxc5 Nxc5 10. Rb1 h6 11. Bxf6 Bxf6 12. Qc2 Qe7 13. b3 Bd7 14. cxd5 exd5
15. Rfc1 Rac8 16. Qd1 Bf5 17. Nd4 Bxb1 18. Rxb1 Bxd4 19. exd4 Ne6 20. Nf3 Qc7
0-1

[Event "XXI Festival A"]
[Site "Campobasso ITA"]
[Date "2014.07.20"]
[Round "6"]
[White "Mrdja, Milan"]
[Black "Rossi, Aldo A."]
[WhiteElo "2376"]
[BlackElo "2262"]
[Result "1/2-1/2"]
[PlyCount "92"]
[EventDate "2014.07.18"]

1. e4 c5 2. Nf3 Nc6 3. Bb5 Nf6 4. Qe2 g6 5. Bxc6 dxc6 6. h3 Bg7 7. d3 O-O 8.
Nc3 Ne8 9. Be3 b6 10. Qd2 Nc7 11. Bh6 Ne6 12. Bxg7 Kxg7 13. Ne2 Qd6 14. O-O Nd4
15. Nfxd4 cxd4 16. f4 f5 17. Ng3 e6 18. Rae1 Bd7 19. Rf2 Rae8 20. e5 Qe7 21. c3
dxc3 22. Qxc3 c5 23. Rd1 Bc6 24. d4 Bd5 25. dxc5 Rc8 26. Nf1 Qxc5 27. Qxc5 Rxc5
28. Ne3 a5 29. a3 Bb3 30. Rd6 b5 31. Rfd2 g5 32. g3 h5 33. h4 g4 34. Ra6 a4 35.
Rb6 Rf7 36. Kf2 Rfc7 37. Ke2 Rc1 38. Rxb5 Rh1 39. Rd8 Rh2+ 40. Kd3 Rxb2 41.
Rbb8 Bc2+ 42. Nxc2 Rbxc2 43. Rd7+ Rxd7+ 44. Kxc2 Rc7+ 45. Kd2 Rd7+ 46. Kc2 Rc7+
1/2-1/2

[Event "XXI Festival A"]
[Site "Campobasso ITA"]
[Date "2014.07.20"]
[Round "6"]
[White "Vuelban, Virgilio"]
[Black "Santeramo, Alessia Carmen"]
[WhiteElo "2313"]
[BlackElo "1948"]
[Result "1/2-1/2"]
[PlyCount "138"]
[EventDate "2014.07.18"]

1. e4 c5 2. Nf3 e6 3. c3 d5 4. e5 d4 5. Bb5+ Bd7 6. Qe2 Bxb5 7. Qxb5+ Qd7 8.
Na3 Nc6 9. O-O d3 10. Re1 Rd8 11. Rb1 Nh6 12. Qc4 a6 13. Qe4 Qd5 14. Nc4 b5 15.
Qxd5 Rxd5 16. Ne3 Rd8 17. b3 Be7 18. c4 b4 19. Nd1 g5 20. Re4 Nf5 21. Nb2 Nfd4
22. Ne1 Ne2+ 23. Kf1 Nc3 24. dxc3 d2 25. cxb4 Nxb4 26. Bxd2 Rxd2 27. Re2 Rxe2
28. Kxe2 Nxa2 29. Ra1 Nb4 30. Nbd3 Nc6 31. Rxa6 Nd4+ 32. Kd2 O-O 33. Nc2 Nxb3+
34. Kc3 Rb8 35. Ra3 Nd4 36. Ra7 Nxc2 37. Kxc2 Bf8 38. Rc7 Ra8 39. Kb3 Ra5 40.
f3 h6 41. h3 Kg7 42. Nf2 Ra1 43. Ne4 Rb1+ 44. Kc3 Rc1+ 45. Kb3 Rb1+ 46. Kc3
Rc1+ 47. Kd3 Rd1+ 48. Ke3 Re1+ 49. Kf2 Rc1 50. Nxc5 Bxc5+ 51. Rxc5 Rc2+ 52. Kg3
h5 53. h4 gxh4+ 54. Kxh4 Rxg2 55. Kxh5 Rg3 56. f4 Rf3 57. Kg4 Rc3 58. f5 exf5+
59. Kxf5 Rc1 60. Rc8 Rf1+ 61. Ke4 f5+ 62. exf6+ Rxf6 63. Rc5 Rf1 64. Rf5 Rxf5
65. Kxf5 Kf7 66. Ke5 Ke7 67. Kd5 Kd7 68. Kc5 Kc7 69. Kb5 Kb7 1/2-1/2

[Event "C.to Mondiale U10"]
[Site "Durban RSA"]
[Date "2014.09.21"]
[Round "2"]
[White "Bin-Suhayl, Ieysaa"]
[Black "Tsoi, Dmitry"]
[WhiteElo "1728"]
[BlackElo "2027"]
[Result "1/2-1/2"]
[PlyCount "131"]
[EventDate "2014.09.20"]

1. d4 d5 2. c4 e6 3. Nc3 Be7 4. Nf3 Nf6 5. e3 O-O 6. Bd3 Nbd7 7. O-O a6 8. Qc2
dxc4 9. Bxc4 b5 10. Bd3 c5 11. Rd1 Qb6 12. d5 exd5 13. Bxh7+ Nxh7 14. Nxd5 Qd8
15. Qe4 Bd6 16. Nc3 Nb6 17. Qc6 Bxh2+ 18. Kxh2 Bd7 19. Qxc5 Rc8 20. Qd6 Rc6 21.
Qxc6 Bxc6 22. Rxd8 Rxd8 23. Nd4 Bb7 24. b3 Nf6 25. Bb2 Ng4+ 26. Kg3 Ne5 27. Rd1
Rd6 28. f3 b4 29. Nce2 a5 30. Nf4 Ba6 31. Rd2 Kh7 32. Nh3 Rg6+ 33. Kf2 Nd3+ 34.
Rxd3 Bxd3 35. Nf4 Bb1 36. Nxg6 Kxg6 37. a3 f6 38. Ke2 Ba2 39. e4 a4 40. axb4
axb3 41. Kd2 Nc4+ 42. Kc1 Ne5 43. Kd2 Nc4+ 44. Kc3 Ne3 45. Nxb3 Nd1+ 46. Kc2
Ne3+ 47. Kd2 Bxb3 48. Kxe3 Kf7 49. g3 Ke6 50. f4 g6 51. Bd4 f5 52. b5 Ba4 53.
b6 Bc6 54. exf5+ gxf5 55. Kd3 Bf3 56. Kc4 Kd7 57. Kb5 Be2+ 58. Kc5 Kc8 59. Kc6
Bf3+ 60. Kd6 Kb7 61. Ke5 Bg4 62. Kd6 Bh3 63. Kd7 Bg4 64. Ke6 Bh3 65. Kf6 Bg4
66. Kg5 1/2-1/2

[Event "C.to Mondiale U10"]
[Site "Durban RSA"]
[Date "2014.09.22"]
[Round "4"]
[White "Bin-Suhayl, Ieysaa"]
[Black "Malkoc, Tilen"]
[WhiteElo "1728"]
[BlackElo "1481"]
[Result "1-0"]
[PlyCount "85"]
[EventDate "2014.09.20"]

1. d4 d5 2. c4 e6 3. Nc3 Nf6 4. cxd5 exd5 5. Bg5 Nbd7 6. e3 c6 7. Bd3 Be7 8.
Qc2 O-O 9. Nge2 h6 10. Bh4 Ng4 11. Bxe7 Qxe7 12. O-O Qd6 13. Ng3 h5 14. e4 h4
15. e5 Qh6 16. Nf5 Qf4 17. g3 hxg3 18. hxg3 Qg5 19. Kg2 Nb6 20. Rh1 g6 21. Nh4
Nc4 22. Bxc4 dxc4 23. Ne4 Qe7 24. Qd2 Be6 25. f3 Bd5 26. Nc3 Nxe5 27. dxe5 Qxe5
28. Rae1 Qd6 29. Ne4 Qe5 30. Ng5 Qf6 31. Ne4 Qe5 32. Qc3 Qxc3 33. Nxc3 Rfe8 34.
Nxd5 cxd5 35. f4 Red8 36. f5 g5 37. Nf3 f6 38. Nd4 Rd7 39. Rh6 Rd6 40. Reh1 Kf7
41. Rh7+ Ke8 42. Rh8+ Kd7 43. R1h7# 1-0